Tensiones y contradicciones de la democracia ecuatoriana

Detalles Bibliográficos
Autor principal: Martn̕ez-Moscoso, Andrš
Otros Autores: Verdugo Silva, Teodoro
Formato: eBook
Lenguaje:español
Publicado: Cuenca: Universidad de Cuenca, 2017
Materias:
Acceso en línea:Acceso restringido

MARC

LEADER 00000nam a22000007a 4500
005 20200701232430.0
007 cr|||| ||||
008 200701s2017 ec |||||s|||| 00||0 spa d
020 |a 978-9978-14-375-9 
035 |a 31764 
040 |a vLex 
090 |c 10607  |d 10607 
100 1 |a Martn̕ez-Moscoso, Andrš 
245 1 0 |a Tensiones y contradicciones de la democracia ecuatoriana  |h [Recurso electrn̤ico] /  |c Andrš Martn̕ez-Moscoso, Teodoro Verdugo Silva 
256 |a Servicio en ln̕ea 
260 |a Cuenca:  |b Universidad de Cuenca,  |c 2017 
300 |a 1 recurso electrn̤ico 
500 |a A nueve aǫs de la vigencia de la Constitucin̤ de Montecristi ha llegado el momento de las evaluaciones, de los balances. Un anl̀isis indispensable tiene que ver con la democracia y la forma en la que ese texto constitucional contribuy ̤con su fortalecimiento o debilitamiento. Los trabajos de este libro parten de ubicar al nuevo texto constitucional en una tendencia de transformacin̤ del derecho constitucional latinoamericano, en el que-sin duda- se han producido importantes transformaciones normativas e institucionales, que se presentaron como un medio para superar situaciones persistentes de autoritarismo, corrupcin̤, inestabilidad, inseguridad, exclusin̤. 
506 1 |a Disponible solo en los productos indicados  |d vLex Global  |d vLex Global (Academic Edition, excluding Law Schools)  |d vLex Global (U.S. Academic Edition, Law Schools)  |d vLex Global (U.S. Academic Edition, excluding Law Schools)  |d vLex Global (Academic Edition, Law Schools) 
650 0 4 |a Derecho Pb︢lico y Administrativo  |z Ecuador 
700 1 |a Verdugo Silva, Teodoro 
740 0 |a vLex Libros (Servicio en ln̕ea) 
856 4 0 |u http://vlex.com/source/tensiones-y-contradicciones-de-la-democracia-ecuatoriana-31764  |z Acceso restringido 
942 |c BOOK 
999 0 |a Public and Administrative Law